[Event "ICS Rated blitz match"]
[Site "204.178.125.65"]
[Date "1999.11.12"]
[Round "?"]
[White "Hossa"]
[Black "Amateur"]
[Result "1-0"]
[WhiteElo "2474"]
[BlackElo "2393"]
[PlyCount "167"]
[EventDate "1999.??.??"]

1. e4 Nf6 2. Nc3 d5 3. exd5 Nxd5 4. Bc4 Be6 5. Bb3 Nxc3 6. bxc3 Bxb3 7. axb3 e6
8. Nf3 Be7 9. O-O Nc6 10. d4 O-O 11. Be3 Qd5 12. c4 Qf5 13. c3 Bf6 14. Re1 Rad8
15. Qc1 Rd7 16. Bf4 a6 17. Qe3 Qc2 18. b4 Qf5 19. Ra3 Be7 20. Ra2 Bf6 21. Bg5
Be7 22. Bxe7 Nxe7 23. Ra5 Qc2 24. Rc1 Qb3 25. Qe4 Qb2 26. Raa1 Ng6 27. h4 c6
28. h5 Ne7 29. h6 gxh6 30. Qd3 Ng6 31. Rcb1 Nf4 32. Qe4 Nh3+ 33. gxh3 Qxc3 34.
Qe3 Qxe3 35. fxe3 Kg7 36. Ne5 Rdd8 37. Kh2 h5 38. Nd3 Rfe8 39. Rg1+ Kh6 40. h4
Re7 41. Raf1 f5 42. Rg5 a5 43. Nf4 e5 44. Rxh5+ Kg7 45. Rg1+ Kf8 46. Rxf5+ Ke8
47. Rxe5 Rxe5 48. dxe5 axb4 49. Rg8+ Kd7 50. Rg7+ Kc8 51. Rxh7 b3 52. Rg7 Rd2+
53. Kh3 b2 54. Rg8+ Kc7 55. Rg1 Rc2 56. Ne6+ Kd7 57. Nc5+ Kc7 58. Rb1 Rxc4 59.
Ne6+ Kd7 60. Nf4 Rb4 61. Nd3 Rb5 62. Rxb2 Rxb2 63. Nxb2 Ke6 64. Nd3 b5 65. h5
Kf7 66. h6 c5 67. Nxc5 Kg6 68. e6 Kf6 69. h7 Kg7 70. e7 Kf7 71. h8=Q Kxe7 72.
Qg7+ Kd6 73. Qd7+ Kxc5 74. Kg4 b4 75. Qe7+ Kb5 76. e4 b3 77. Qb7+ Kc5 78. Qxb3
Kc6 79. e5 Kd7 80. Qb6 Ke7 81. Kf5 Ke8 82. Qb7 Kf8 83. Kf6 Kg8 84. Qg7# {
Amateur checkmated} 1-0

[Event "ICS Rated blitz match"]
[Site "204.178.125.65"]
[Date "1999.11.12"]
[Round "?"]
[White "Hossa"]
[Black "Skeletor"]
[Result "1/2-1/2"]
[WhiteElo "2486"]
[BlackElo "2585"]
[PlyCount "185"]
[EventDate "1999.??.??"]

1. e4 e5 2. Nf3 d6 3. d4 exd4 4. Qxd4 Nf6 5. Bg5 Be7 6. Bb5+ Bd7 7. Bxd7+ Qxd7
8. Nc3 Nc6 9. Qc4 O-O 10. O-O Rae8 11. Qb5 Ng4 12. Bxe7 Rxe7 13. Rfe1 Rb8 14.
Nd5 Re6 15. Rad1 Nge5 16. Nxe5 Rxe5 17. Qb3 Re6 18. c4 a5 19. Qb5 b6 20. Qa6 f6
21. b3 Re5 22. f4 Re6 23. Re3 Rbe8 24. Rde1 Rf8 25. Qb7 Rf7 26. Rd3 Re8 27. a3
Re6 28. Rdd1 Re8 29. b4 Nd8 30. Qa6 Qa4 31. Ra1 Qc2 32. Rac1 Qd3 33. Qc8 c6 34.
Nc7 Ref8 35. Ne6 Nxe6 36. Qxe6 axb4 37. axb4 Qd4+ 38. Kh1 Qd2 39. Rcd1 Qxb4 40.
Qxd6 Qxd6 41. Rxd6 Rc7 42. e5 fxe5 43. fxe5 b5 44. cxb5 cxb5 45. Rb6 Rc5 46.
Kg1 h5 47. e6 h4 48. Rb7 Re8 49. g3 h3 50. g4 Rc4 51. Rxb5 Rxg4+ 52. Kh1 Rg6
53. Rb6 Rf6 54. Rc6 Re7 55. Rd6 Kh7 56. Ra6 g5 57. Kg1 Kg6 58. Re5 Rf4 59. Re3
g4 60. Re2 Kf5 61. Ra5+ Kf6 62. Rh5 Rd4 63. Kf2 Rd3 64. Rh6+ Kf5 65. Rh5+ Kg6
66. Rhe5 Rf3+ 67. Kg1 Rf5 68. R5e4 Kh5 69. Rd2 Kg5 70. Rd7 Kf6 71. Rxe7 Kxe7
72. Rxg4 Kxe6 73. Rg3 Rh5 74. Rg6+ Kf5 75. Rg3 Rh8 76. Rf3+ Kg4 77. Rg3+ Kh4
78. Rg7 Rd8 79. Rh7+ Kg4 80. Rg7+ Kf4 81. Rg3 Rh8 82. Kf2 Rh4 83. Rf3+ Kg4 84.
Rf7 Rh8 85. Rg7+ Kf4 86. Rg3 Ra8 87. Rxh3 Ra2+ 88. Kg1 Ra1+ 89. Kg2 Ra2+ 90.
Kh1 Ra1+ 91. Kg2 Ra2+ 92. Kh1 Ra1+ 93. Kg2 {Game drawn by repetition} 1/2-1/2

[Event "ICS Rated blitz match"]
[Site "204.178.125.65"]
[Date "1999.11.12"]
[Round "?"]
[White "Amateur"]
[Black "Hossa"]
[Result "1/2-1/2"]
[WhiteElo "2381"]
[BlackElo "2490"]
[PlyCount "204"]
[EventDate "1999.??.??"]

1. d4 d5 2. c4 c6 3. Nc3 Nf6 4. e3 e6 5. Nf3 c5 6. cxd5 exd5 7. Bb5+ Bd7 8.
Bxd7+ Nbxd7 9. O-O Be7 10. Qb3 Nb6 11. dxc5 Bxc5 12. Qb5+ Nbd7 13. Qxb7 Rb8 14.
Qa6 O-O 15. Rd1 Qb6 16. Qd3 Rfd8 17. Qf5 Qe6 18. Qxe6 fxe6 19. b3 Rf8 20. Ng5
Bb4 21. Bb2 Nc5 22. Rd4 e5 23. Rdd1 Bxc3 24. Bxc3 Rfe8 25. Nf3 Ncd7 26. Bb2 Rb6
27. Rdc1 Rb7 28. Rc2 a5 29. Rac1 Rb6 30. Ba1 Kf7 31. Rc7 Kg6 32. Bc3 Ra6 33.
Ne1 Kf5 34. Nf3 Kg6 35. Bb2 Ree6 36. Ne1 Ra8 37. Nf3 Raa6 38. Nd2 Kh5 39. Nf1
Red6 40. Ba3 Re6 41. Ng3+ Kg6 42. Ne2 Nb8 43. Rc8 Nc6 44. f4 Na7 45. R8c7 Nb5
46. fxe5 Rxe5 47. Re7 Re4 48. Bc5 Nd6 49. Rc7 Re8 50. Nf4+ Kh6 51. g3 g5 52.
Ng2 Nde4 53. Bd4 Rf8 54. R1c2 Kg6 55. Ne1 h5 56. Nd3 Raa8 57. Ne5+ Kf5 58. Nc6
Ra6 59. Rc1 Kg4 60. Ne5+ Kh3 61. Ng6 Rd8 62. Ne5 Rf8 63. R1c2 Ng4 64. Nxg4 Kxg4
65. Kg2 h4 66. h3+ Kf5 67. R2c6 Rxc6 68. g4+ Ke6 69. Rxc6+ Kd7 70. Rc2 Rb8 71.
Rc1 Rf8 72. Rf1 Rc8 73. Rf5 Rc2+ 74. Kg1 Ke6 75. a4 Rc1+ 76. Kg2 Rb1 77. Rf8
Rc1 78. Re8+ Kd7 79. Rf8 Rc2+ 80. Kg1 Kc7 81. Be5+ Kd7 82. Rf1 Kc6 83. Rf8 Rc1+
84. Kg2 Rc2+ 85. Kf1 Kd7 86. Ke1 Ke6 87. Bd4 Rc1+ 88. Ke2 Rc2+ 89. Kd1 Rh2 90.
Re8+ Kd7 91. Ra8 Rxh3 92. Rxa5 Rh1+ 93. Kc2 Rh2+ 94. Kc1 Ke6 95. Ra6+ Kf7 96.
Ra7+ Ke6 97. b4 Rg2 98. Ra6+ Ke7 99. Ra7+ Ke6 100. Ra6+ Ke7 101. Ra5 Ke6 102.
Ra6+ 102... Ke7 {Game drawn by repetition} 1/2-1/2

[Event "ICS Rated blitz match"]
[Site "204.178.125.65"]
[Date "1999.11.12"]
[Round "?"]
[White "Zippy"]
[Black "Hossa"]
[Result "1/2-1/2"]
[WhiteElo "2210"]
[BlackElo "2485"]
[PlyCount "124"]
[EventDate "1999.??.??"]

1. e4 c5 2. Nf3 d6 3. d4 cxd4 4. Nxd4 e5 5. Nb3 Nf6 6. Nc3 Be7 7. Bb5+ Nc6 8.
O-O Be6 9. Bg5 a6 10. Be2 O-O 11. Qd2 Ne8 12. Bxe7 Qxe7 13. f4 Nf6 14. Rad1
Rad8 15. Nd5 Bxd5 16. exd5 Nb8 17. fxe5 Qxe5 18. c4 Ne4 19. Qf4 Nd7 20. Rde1
Rde8 21. Bg4 Ndf6 22. Bf5 Qxf4 23. Rxf4 Ng5 24. Rxe8 Rxe8 25. Nd4 b6 26. b3 h5
27. a4 Nge4 28. Rf3 Nd2 29. Rd3 Nb1 30. g3 g6 31. Bh3 Re1+ 32. Kf2 Rc1 33. Ke3
Ng4+ 34. Bxg4 hxg4 35. Nc6 Re1+ 36. Kf4 f5 37. Kg5 Kg7 38. a5 bxa5 39. c5 Re2
40. cxd6 Nd2 41. Rxd2 Rxd2 42. d7 Rxd5 43. d8=Q Rxd8 44. Nxd8 Kh7 45. Ne6 f4
46. Nxf4 Kg7 47. Nxg6 Kf7 48. Ne5+ Ke6 49. Nxg4 Kd5 50. h4 Kd6 51. Kf6 Kd5 52.
h5 Kd4 53. h6 Kc3 54. h7 a4 55. bxa4 Kb3 56. a5 Ka4 57. h8=Q Kb4 58. Ne5 Kc3
59. Qc8+ Kd2 60. Qxa6 Kd1 61. Qd3+ Ke1 62. Qe4+ 62... Kd2 {
Zippy ran out of time and Hossa has no material to mate} 1/2-1/2

[Event "ICS Rated standard match"]
[Site "204.178.125.65"]
[Date "1999.11.12"]
[Round "?"]
[White "Moron"]
[Black "Hossa"]
[Result "1-0"]
[WhiteElo "2584"]
[BlackElo "2376"]
[PlyCount "103"]
[EventDate "1999.??.??"]

1. d4 d5 2. c4 c6 3. Nc3 Nf6 4. Nf3 dxc4 5. a4 Qa5 6. e3 Be6 7. Ne5 Ne4 8. Bd2
Nxd2 9. Qxd2 b5 10. Qd1 b4 11. Ne4 c3 12. bxc3 bxc3 13. Qc2 f6 14. Nc4 Bxc4 15.
Bxc4 e5 16. O-O Bb4 17. dxe5 Qxe5 18. Rfd1 Nd7 19. Bf7+ Ke7 20. Ba2 a5 21. Rd4
Nb6 22. Nd6 Qxd6 23. Rxd6 Kxd6 24. Qd1+ Kc7 25. Qg4 g5 26. Be6 h5 27. Qf5 Raf8
28. Qg6 h4 29. Qg7+ Kb8 30. Qg6 Kb7 31. Kf1 Kc7 32. Qg7+ Kb8 33. h3 Bc5 34. Bf7
Be7 35. Rc1 Bb4 36. Qxf6 Nd7 37. Qd4 Nc5 38. Bg6 Nxa4 39. Be4 Nc5 40. Rxc3 Nxe4
41. Qb6+ Ka8 42. Qxc6+ Ka7 43. Qd7+ Ka8 44. Rc7 Rxf2+ 45. Kg1 Rf1+ 46. Kxf1
Rf8+ 47. Kg1 Rf1+ 48. Kxf1 Ng3+ 49. Kg1 Ne2+ 50. Kf2 Be1+ 51. Kxe2 Bg3 52. Qd8#
{Hossa checkmated} 1-0

[Event "ICS Rated bullet match"]
[Site "204.178.125.65"]
[Date "1999.11.12"]
[Round "?"]
[White "Hossa"]
[Black "Malalama"]
[Result "0-1"]
[WhiteElo "2478"]
[BlackElo "2740"]
[Annotator "Hiarcs 7.32 (22s)"]
[PlyCount "102"]
[EventDate "1999.??.??"]

1. d4 1... d5 {Opening = E36 - 5.a3 (Bc3 6.Qc3 ---)} 2. c4 (2. Bf4 2... Bf5 $11
) 2... e6 3. Nc3 Nf6 4. Qc2 (4. Bg5 4... Bb4 $11) 4... Bb4 5. a3 Bxc3+ 6. bxc3
dxc4 7. e4 b5 8. e5 {Weiss engt den Gegner ein} 8... Nd5 9. a4 b4 10. cxb4 $17
(10. Qe4 bxc3 11. Bxc4 11... Nc6 $15) 10... Nxb4 11. Qxc4 11... Qxd4 $1 {
bleibt am Druecker. .} 12. Rb1 Qxe5+ 13. Be2 Nd5 14. Nf3 $19 (14. Bb2 $5 14...
Qg5 15. Nf3 $17) 14... Qc3+ 15. Nd2 O-O 16. Qh4 Qe5 17. Ne4 (17. Qe4 Qxe4 18.
Nxe4 18... Bd7 $19) 17... Bd7 18. Ng5 (18. Ba3 Rc8 19. O-O 19... f5 $19) 18...
Qf5 19. Rb2 h6 20. Nh3 Nb6 21. Qg3 Nxa4 (21... Bxa4 22. Bxh6 Qf6 23. Bc1 $19)
22. Rb7 22... h5 $17 (22... Nc5 $5 23. Rxc7 23... Ne4 $19) 23. Rxc7 $19 (23.
O-O $5 $17) 23... Bb5 {Schwarz erhaelt starke Initiative} 24. Bh6 {
Droht Matt: Qxg7} 24... Qb1+ 25. Bd1 (25. Rc1 Qb4+ 26. Bd2 26... Qe4 $19) 25...
Qe4+ $1 {ein unangenehmes Schach} 26. Be3 Nb2 27. Bc2 Nd3+ 28. Bxd3 28... Qxd3
{Es droht Matt} 29. Nf4 Qb1+ 30. Rc1 Qb2 31. Qf3 $2 (31. Bd2 $19) 31... Rd8 {
Mit der Mattdrohung Qb4} 32. Qe4 (32. Ne2 {hilft allerdings auch nicht} 32...
Nc6 33. O-O 33... Ne5 $19) 32... e5 $1 {die Pointe} 33. Qb1 33... Qxb1 $1 {
macht alles klar. Droht Matt: Qb4} 34. Rxb1 exf4 35. Bxf4 Bd3 36. Rxb8 (36. Rc1
{nuetzt auch nichts mehr} 36... Na6 $19) 36... Raxb8 37. Bxb8 Rxb8 38. Kd2 Rb1
39. Rxb1 Bxb1 40. Kc3 g5 41. Kb4 Kf8 42. g3 Ke7 43. h3 (43. Ka5 {
holt die Kuh nicht vom Eis} 43... Bd3 $19) 43... h4 $1 {
ist die Ueberraschung!. Schwarz entwickelt eine toedliche Initiative} 44. Kb5 (
44. gxh4 gxh4 45. Kc3 $19) 44... g4 $1 {die Entscheidung} 45. hxg4 h3 46. Ka6
46... h2 {Es droht Matt} 47. Kxa7 47... h1=Q {Droht Matt} 48. g5 48... Qc6 $1 {
logisch und kraftvoll} 49. f3 Qc7+ 50. Ka8 50... Ba2 $1 {das war die Absicht}
51. g4 (51. f4 {aendert den traurigen Lauf der Dinge nicht} 51... Bd5#) 51...
Bd5# 0-1

[Event "ICS Rated standard match"]
[Site "204.178.125.65"]
[Date "1999.11.12"]
[Round "?"]
[White "Hossa"]
[Black "Moron"]
[Result "0-1"]
[WhiteElo "2369"]
[BlackElo "2591"]
[Annotator "Hiarcs 7.32 (22s)"]
[PlyCount "154"]
[EventDate "1999.??.??"]

1. e4 1... c5 {Opening = B34 - 4.Nd4 g6 (5.Nc3 Bg7 6.Be3 Nf6 7.---)} 2. Nf3 Nc6
3. d4 cxd4 4. Nxd4 g6 5. Nxc6 bxc6 6. Qd4 Nf6 7. e5 Nd5 8. e6 f6 9. exd7+ Bxd7
10. Bc4 (10. Bd3 Qb6 11. Qxb6 axb6 12. Bd2 e5 13. O-O Nb4 14. Bxb4 Bxb4 15. c3
Be7 16. Re1 O-O-O 17. a4 Be6 18. Ba6+ Kc7 19. b4 c5 20. bxc5 Bxc5 21. Na3 Rd2
22. Be2 Rhd8 23. Nb5+ Kc6 24. Red1 24... e4 {
Mikulcik,L-Michenka,J/Zlin-B 1995/EXP 49/1/2-1/2 (40)}) 10... e5 11. Qd1 Be6
12. O-O 12... Ne3 $146 (12... Bg7 13. Bb3 O-O 14. Qe2 f5 15. c4 Nc7 16. Nc3 Qh4
17. f4 e4 18. Be3 Qe7 19. Qf2 Qf7 20. Qe2 Rfd8 21. Rad1 Na6 22. a3 Rdb8 23. Ba2
Qe7 24. Qc2 Nc5 25. Bxc5 Qxc5+ 26. Kh1 a5 27. Na4 {
Petri,W-Kratochwil,C/Giessen op 1991/GER 02/0-1 (50)}) 13. Qxd8+ Rxd8 14. Bxe3
Bxc4 15. Re1 a6 16. Nd2 Bd5 17. Nb3 Rb8 18. Rad1 Bb4 19. Bd2 Kf7 20. Bxb4 Rxb4
21. Rd3 Rc4 22. Re2 Rb8 23. Rde3 $15 (23. Rh3 h5 24. Rhe3 a5 25. Nxa5 25... Ra4
$15) 23... Ra4 $11 (23... a5 $5 24. Nxa5 24... Ra4 $15) 24. a3 Bxb3 25. cxb3
Rd4 26. f3 Ke6 27. Rc2 Kd6 28. Kf2 a5 29. Rec3 {Greift den Isolani c6 an} 29...
Rb6 30. Ke2 h5 31. Rd2 g5 32. h3 f5 33. a4 $17 (33. Rdc2 $5 $11 $142 {
ist zu beachten}) 33... Rxd2+ 34. Kxd2 Rb4 35. Ke3 Kd5 36. Rd3+ Rd4 37. Rc3 Rb4
(37... c5 38. Rc2 $17) 38. Rd3+ Ke6 39. Rc3 c5 40. Kd3 (40. Rxc5 Rxb3+ 41. Kf2
Rxb2+ 42. Kf1 g4 43. Rxa5 gxf3 44. gxf3 44... Kf6 $17) 40... Rd4+ 41. Ke2 Kd5
42. Rc1 h4 43. Ra1 g4 44. Rc1 gxf3+ 45. gxf3 c4 46. b4 (46. bxc4+ Rxc4 47. Rd1+
47... Kc5 $19) 46... axb4 47. a5 Kc5 (47... Kc6 $5 48. Ra1 Kb7 49. a6+ Ka7 50.
Ra5 $19) 48. a6 (48. Ra1 $19) 48... Kb6 49. Ra1 Ka7 50. Ra4 (50. Ra5 50... Rd3
$19) 50... c3 {Mit der Mattdrohung cxb2} 51. bxc3 bxc3 52. Ra3 Rd2+ 53. Ke3 Rc2
54. Ra4 $2 (54. Ra5 f4+ 55. Ke4 Re2+ 56. Kf5 $19) 54... Rg2 $1 {das wars} 55.
Rxh4 (55. Rc4 c2 56. Kd3 Kxa6 57. Rxc2 e4+ 58. Kd4 Rxc2 59. fxe4 fxe4 60. Ke3
$19) 55... f4+ {Nun geraet Weiss unter starken Druck.} 56. Kd3 (56. Ke4 {
aendert nichts mehr} 56... c2 57. Rh7+ Kb6 58. Rb7+ 58... Kc6 $19) 56... c2 57.
Rh7+ Kb6 58. Rb7+ 58... Kc6 {Droht Matt} 59. Rb8 Kd7 60. Rb7+ (60. a7 c1=Q 61.
Rd8+ Kxd8 62. a8=Q+ Ke7 63. Qc6 Qxc6 64. h4 Qc2#) 60... Kc8 $1 {
ganz unerschrocken} 61. Rb4 (61. Rb2 {die letzte Gegenchance} 61... c1=Q 62.
Rxg2 Qf1+ 63. Re2 Qxf3+ 64. Kd2 $19) 61... c1=Q {Droht Matt: Qc2} 62. Rc4+
62... Qxc4+ $1 {glaenzend gespielt} 63. Kxc4 Rg3 64. h4 Rxf3 65. Kd5 Rh3 66.
Kc4 Rxh4 67. Kd3 Rh3+ 68. Kc4 Ra3 69. Kd5 Rxa6 70. Ke4 Ra3 71. Kf5 71... f3 $1
{nun ist alles klar. Droht Matt} 72. Ke4 72... f2 {Mit der Mattdrohung f1Q} 73.
Kd5 f1=Q 74. Kxe5 Ra4 75. Ke6 Ra5 76. Ke7 Re5+ 77. Kd6 Qf6# 0-1

[Event "ICS Rated bullet match"]
[Site "204.178.125.65"]
[Date "1999.11.12"]
[Round "?"]
[White "JSBach"]
[Black "Hossa"]
[Result "0-1"]
[WhiteElo "2164"]
[BlackElo "2472"]
[PlyCount "180"]
[EventDate "1999.??.??"]

1. e4 e5 2. Nf3 d6 3. Bc4 Be7 4. Nc3 Nf6 5. d4 exd4 6. Qxd4 Nc6 7. Qd2 O-O 8.
O-O Be6 9. Qe2 Nb4 10. Bxe6 fxe6 11. Be3 Ng4 12. Bc1 Qd7 13. h3 Nf6 14. Be3 d5
15. Ne5 Qd6 16. Bf4 Nxe4 17. Nxe4 dxe4 18. Rad1 Nd5 19. Bg3 Bh4 20. Ng6 Bxg3
21. Nxf8 Bh2+ 22. Kh1 Rxf8 23. c4 Be5 24. cxd5 exd5 25. Qb5 c6 26. Qxb7 a5 27.
b3 Qf6 28. Qd7 Qf4 29. Qe6+ Kh8 30. g3 Qf3+ 31. Kg1 e3 32. Qxe5 e2 33. Qd4 Kg8
34. Rde1 exf1=Q+ 35. Rxf1 Qe2 36. Qa4 Qb5 37. Qxb5 cxb5 38. Rd1 Rd8 39. Rd4 b4
40. g4 Kf7 41. Kg2 Ke6 42. f4 Rc8 43. Rd2 Kd6 44. f5 Re8 45. g5 Rf8 46. g6 Rxf5
47. gxh7 Rg5+ 48. Kf3 Rh5 49. Kg4 Rxh7 50. Rd3 Rh6 51. Kg5 Rf6 52. Rd2 Re6 53.
h4 Re1 54. Kg6 Rg1+ 55. Kf7 Rg4 56. h5 Rg5 57. Kg8 Rxh5 58. Kxg7 Rh1 59. Kf6
Rc1 60. Kg5 Rg1+ 61. Kh4 Ke5 62. Re2+ Kf4 63. Rf2+ Ke3 64. Rf5 Ke4 65. Rf6 Rg2
66. Rf7 Kd4 67. Re7 Rxa2 68. Re1 Rb2 69. Rd1+ Kc3 70. Rxd5 Kxb3 71. Rxa5 Re2
72. Ra8 Kb2 73. Kg3 Re3+ 74. Kf4 Ra3 75. Rc8 b3 76. Rc7 Ra5 77. Rc4 Ka2 78. Ke3
b2 79. Rc2 Ra4 80. Rh2 Ka1 81. Rxb2 Kxb2 82. Kd3 Rb4 83. Ke2 Rb3 84. Kd2 Kb1
85. Ke2 Kc1 86. Kf2 Kd1 87. Kg2 Ke2 88. Kg1 Kf3 89. Kh2 Rb1 90. Kh3 90... Rh1#
{JSBach checkmated} 0-1

[Event "ICS Rated blitz match"]
[Site "204.178.125.65"]
[Date "1999.11.12"]
[Round "?"]
[White "Beadle"]
[Black "Hossa"]
[Result "1-0"]
[WhiteElo "2471"]
[BlackElo "2445"]
[PlyCount "145"]
[EventDate "1999.??.??"]

1. e4 c5 2. Nf3 Nc6 3. d4 cxd4 4. Nxd4 e5 5. Nb5 d6 6. c4 Be7 7. N1c3 a6 8. Na3
Be6 9. Be3 Bg5 10. Nc2 Bxe3 11. Nxe3 Nf6 12. Bd3 O-O 13. O-O Nd4 14. f4 Qb6 15.
fxe5 dxe5 16. Rf2 Qd6 17. Ncd5 Nd7 18. b4 b6 19. Rb1 Rfc8 20. Qd2 Rd8 21. Nc2
a5 22. Nxd4 exd4 23. bxa5 Bxd5 24. exd5 Rxa5 25. Be4 Qc5 26. Qg5 f6 27. Qf5 Nf8
28. Bd3 Re8 29. Qg4 Re3 30. Rd2 b5 31. Rxb5 Rxb5 32. cxb5 f5 33. Qd1 Qxd5 34.
Qb3 Qxb3 35. axb3 Kh8 36. b6 Re1+ 37. Kf2 Re6 38. b7 Rb6 39. Ba6 Rxb3 40. Re2
g6 41. Re8 Kg7 42. b8=Q Rxb8 43. Rxb8 Ne6 44. Bc4 Nc5 45. Rd8 Ne4+ 46. Ke2 Kf6
47. Rxd4 Ke5 48. Rd5+ Kf4 49. Rd7 h6 50. Re7 Kg5 51. Ke3 Nf6 52. Kd4 h5 53. Bf7
f4 54. Re6 h4 55. h3 Nd7 56. Rxg6+ Kf5 57. Rh6 Kg5 58. Rh5+ Kf6 59. Bd5 f3 60.
Bxf3 Nf8 61. Rxh4 Ke7 62. Re4+ Kd6 63. Bg4 Kc7 64. Re8 Ng6 65. g3 Kb7 66. Kc5
Kc7 67. Bf5 Kb7 68. Bxg6 Kc7 69. Re7+ Kd8 70. Kd6 Kc8 71. g4 Kb8 72. Be4 Kc8
73. Re8# {Hossa checkmated} 1-0

[Event "ICS rated bullet match"]
[Site "204.178.125.65"]
[Date "1999.11.12"]
[Round "?"]
[White "Hossa"]
[Black "TheComputer"]
[Result "0-1"]
[WhiteElo "2477"]
[BlackElo "2431"]
[PlyCount "122"]
[EventDate "1999.??.??"]

1. e4 c6 2. d4 d5 3. exd5 cxd5 4. c4 Nf6 5. Nc3 e6 6. Nf3 Be7 7. cxd5 Nxd5 8.
Bd3 Nc6 9. O-O O-O 10. Re1 Bf6 11. Be4 Nce7 12. Bg5 Bxg5 13. Nxg5 Nf6 14. Qd3
h6 15. Nf3 Qb6 16. Re2 Rd8 17. Rd1 Bd7 18. Ne5 Bc6 19. Rdd2 Nxe4 20. Nxc6 Nxd2
21. Nxe7+ Kf8 22. Rxd2 Kxe7 23. d5 Rac8 24. Re2 Qd6 25. Qd4 Kf8 26. Qxa7 Qxd5
27. Kf1 Qc6 28. Qe3 Qd6 29. Kg1 Qd4 30. Qc1 Rc5 31. Qf1 Rf5 32. Re4 Qd2 33. Re2
Qd3 34. Qe1 Rg5 35. Ne4 Rg4 36. Qa5 Qd1+ 37. Qe1 Qxe1+ 38. Rxe1 Rxe4 39. Kf1
Rc4 40. a4 Rd2 41. Kg1 Rcc2 42. Rf1 Rxb2 43. h4 Ra2 44. g3 Ke8 45. Rb1 Rxf2 46.
Rxb7 Rfc2 47. Rb8+ Ke7 48. Rb7+ Kf6 49. Rb1 Rg2+ 50. Kh1 Rxg3 51. Rb4 Re3 52.
Rf4+ Ke5 53. Rg4 Re1+ 54. Rg1 Rxg1+ 55. Kxg1 Ke4 56. a5 Kf3 57. a6 Rxa6 58. Kh2
Ra1 59. h5 g5 60. hxg6 fxg6 61. Kh3 61... Rh1# {Hossa checkmated} 0-1

[Event "ICS rated bullet match"]
[Site "204.178.125.65"]
[Date "1999.11.12"]
[Round "?"]
[White "TheComputer"]
[Black "Hossa"]
[Result "0-1"]
[WhiteElo "2449"]
[BlackElo "2459"]
[PlyCount "70"]
[EventDate "1999.??.??"]

1. e4 c5 2. Nf3 e6 3. d4 cxd4 4. Nxd4 Nf6 5. Nc3 d6 6. g4 Be7 7. g5 Nfd7 8. h4
Nc6 9. Be3 O-O 10. Qd2 Nxd4 11. Qxd4 Ne5 12. Be2 f5 13. f4 Nc6 14. Qa4 Bd7 15.
O-O-O fxe4 16. Nxe4 d5 17. Qb3 Rc8 18. Qd3 Nb4 19. Qb3 Rxc2+ 20. Kb1 Rxe2 21.
a3 Nc2 22. Bxa7 Nxa3+ 23. bxa3 Rxe4 24. Rd4 Rexf4 25. Rxf4 Rxf4 26. Be3 Rf3 27.
Rh2 Bc5 28. Re2 Qe8 29. Qc3 b6 30. Kb2 Rxe3 31. Rxe3 d4 32. Qd3 dxe3 33. g6
hxg6 34. h5 gxh5 35. Kc1 35... Bb5 {TheComputer resigns} 0-1

[Event "ICS rated bullet match"]
[Site "204.178.125.65"]
[Date "1999.11.12"]
[Round "?"]
[White "Hossa"]
[Black "NonWimp"]
[Result "0-1"]
[WhiteElo "2475"]
[BlackElo "2485"]
[Annotator "Steffen A. Jakob"]
[PlyCount "170"]
[EventDate "1999.??.??"]

1. e4 e5 2. f4 d5 3. exd5 c6 4. dxc6 Nxc6 5. d3 $146 ({RR} 5. Bb5 5... Qd5 ({RR
} 5... exf4 6. Nf3 ({RR} 6. d4 6... Qd5 7. Qe2+ Be7 8. Nf3 Kf8 9. Bxc6 Qxc6 10.
Bxf4 Bf5 11. c3 Re8 12. Ne5 Qe6 13. O-O f6 14. g4 Bxb1 15. Ng6+ Bxg6 16. Qxe6
h5 17. g5 Bf7 18. Qf5 g6 19. Qb5 h4 20. Qxb7 20... fxg5 {
Martinidesz,D-Vianin,P/Geneve op 1991/EXP 21/1-0 (33)}) 6... Bd6 7. d4 Nge7 8.
O-O O-O 9. Na3 Bg4 10. Nc4 Bc7 11. c3 Nd5 12. Qd3 f6 13. Bxc6 bxc6 14. Bd2 Qd7
15. Rfe1 g5 16. b4 Rae8 17. Rxe8 Rxe8 18. Re1 Rxe1+ 19. Nxe1 Kg7 20. Na5 Bxa5
21. bxa5 Nc7 22. c4 Bf5 23. Qc3 Ne6 24. Nf3 Be4 25. d5 cxd5 26. Nd4 dxc4 27.
Nxe6+ Qxe6 28. Qd4 a6 29. Bc3 Kg6 30. h3 Bd5 31. Kh2 31... Qe4 {
0-1 Ree,H-Short,N/Wijk 1986/TD 86\01 (31)}) ({RR} 5... Bc5 6. Nf3 e4 7. Ne5 Qb6
8. Qe2 Nf6 9. Nc3 O-O 10. Na4 Qa5 11. Nxc5 Nd4 12. Nb3 Nxc2+ 13. Kd1 Qc7 14.
Qc4 Qxc4 15. Bxc4 Nxa1 16. Nxa1 Ng4 17. Re1 Nxe5 18. fxe5 Bg4+ 19. Be2 Be6 20.
b3 Rfd8 21. Bb2 Rac8 22. Nc2 Rc5 23. Nd4 Rcd5 24. Nxe6 Rxd2+ 25. Kc1 fxe6 26.
Bc3 e3 27. Kb1 R2d7 28. Kc2 Rf7 29. Bf3 Rc7 30. Rxe3 b5 31. Kb2 Rdd7 32. Bg4
Rc6 33. Bb4 Rd4 34. Bf3 Rc7 35. Bc3 Rdd7 36. Bg4 Rc6 37. Bf3 Rcc7 38. Re2 Kf7
39. Bb4 Rd4 40. Bd6 Rc8 41. Bb7 Rd8 42. Rc2 Rd7 43. Bc6 Rd8 44. Bxb5 {
1-0 Susnik,M-Petek,P/Bled op 1995/EXP 46 (44)}) 6. Qe2 Be6 7. Nc3 Qd7 8. Nf3
exf4 9. d4 Bb4 10. O-O Nge7 11. Bxf4 O-O 12. a3 Ba5 13. Rad1 Bb6 14. Kh1 a6 15.
Na4 Qd8 16. Bxc6 bxc6 17. Nxb6 Qxb6 18. Bd6 Rfe8 19. Bxe7 19... Rxe7 {
Peters,C-Finegold,G/Dortmund 1990/EXT 90op/0-1 (49)}) ({RR} 5. Nf3 5... e4 6.
Ne5 Nf6 7. Nxc6 bxc6 8. d4 Bg4 9. Be2 Bxe2 10. Qxe2 Qxd4 11. Be3 Qxb2 12. O-O
Be7 13. Nd2 O-O 14. Nb3 Rfd8 15. Qc4 Nd5 16. Bc1 Qc3 17. Qxe4 Re8 18. Qd3 Qxd3
19. cxd3 19... Bf6 {Seibold,H-Mainka,R/BL9091 1991/BL 90/1/2-1/2 (32)}) 5...
exf4 6. Bxf4 Qe7+ 7. Ne2 g5 8. Bd2 Bf5 9. g3 O-O-O 10. Bg2 Nd4 11. Nbc3 Re8 12.
Rf1 Bg4 13. Rf2 Qc7 14. Kf1 Nxe2 15. Nxe2 Bc5 16. Bf3 Bh3+ 17. Bg2 Bg4 18. Bf3
Bxf3 19. Rxf3 Qc6 20. Ng1 Nh6 21. b4 Bb6 22. b5 Qxb5 23. c4 Qc6 24. c5 Bxc5 25.
d4 Qb5+ 26. Ne2 Bb6 27. a4 Qd5 28. Rc1+ Kb8 29. Qb3 Qe4 30. Qd3 Ng4 31. Ke1
Bxd4 32. Qxe4 Rxe4 33. Bxg5 Rhe8 34. Rc2 f6 35. Bf4+ Ka8 36. h3 Nh2 37. Rd3 Bb6
38. Ra3 f5 39. Bd6 Bd4 40. Rb3 Bb6 41. Ra3 a5 42. Bf4 Ka7 43. Kd1 Nf1 44. Ke1
Ne3 45. Bxe3 Bxe3 46. Kf1 Ka6 47. Nc3 Rc4 48. Re2 f4 49. gxf4 Rxf4+ 50. Ke1 Rc4
51. Nd1 Bc1 52. Rxe8 Bxa3 53. Ra8+ Kb6 54. Rh8 Rh4 55. Ke2 Rxh3 56. Ne3 Rh4 57.
Nf5 Rxa4 58. Rxh7 Rf4 59. Ne3 Kc6 60. Nc2 Bc5 61. Rh6+ Kb5 62. Rh7 b6 63. Rc7
a4 64. Rc8 Kc4 65. Ne3+ Kb3 66. Nd5 Re4+ 67. Kf3 Re5 68. Nc7 a3 69. Rd8 Re3+
70. Kg2 Re1 71. Kg3 a2 72. Ra8 Bd6+ 73. Kf2 Re5 74. Nd5 Ba3 75. Rg8 Rxd5 76.
Rg3+ Ka4 77. Rg4+ Kb5 78. Kf3 a1=Q 79. Kg2 Rd2+ 80. Kg3 Qe5+ 81. Rf4 Qg5+ 82.
Kh3 Rd3+ 83. Rf3 Rxf3+ 84. Kh2 Qg3+ 85. Kh1 85... Rf1# {Hossa checkmated} 0-1

[Event "ICS rated standard match"]
[Site "204.178.125.65"]
[Date "1999.11.12"]
[Round "?"]
[White "Hossa"]
[Black "MissSilicon"]
[Result "1/2-1/2"]
[WhiteElo "2362"]
[BlackElo "2420"]
[PlyCount "129"]
[EventDate "1999.??.??"]

1. e4 e5 2. Nf3 Nc6 3. Bb5 a6 4. Ba4 Nf6 5. O-O Nxe4 6. d4 b5 7. Bb3 d5 8. dxe5
Be6 9. c3 Be7 10. Re1 O-O 11. a4 Bc5 12. Be3 Bxe3 13. Rxe3 Na5 14. Nbd2 Nxb3
15. Nxb3 Bg4 16. Qd4 Re8 17. Nfd2 Nxd2 18. Nxd2 Bf5 19. Nb3 c6 20. Qc5 Qc7 21.
Nd4 Bd7 22. f4 h6 23. axb5 axb5 24. Ree1 Qb7 25. b3 Rxa1 26. Rxa1 Ra8 27. Rd1
Qc7 28. b4 Ra2 29. Nxb5 Qd8 30. Nd6 Qh4 31. Qe3 Rxg2+ 32. Kxg2 Qg4+ 33. Kf2
Qxd1 34. Qe2 Qc1 35. Qe3 Qc2+ 36. Kg3 Kf8 37. h3 Ke7 38. f5 Kf8 39. Qf3 Qc1 40.
Kf2 Qd2+ 41. Kf1 Qh2 42. Qh5 Be8 43. Qh4 Qxe5 44. Qd8 Qe3 45. Nxe8 Qxe8 46. Qc7
Kg8 47. Kf2 h5 48. Qb7 Qe5 49. Qxc6 Qxf5+ 50. Kg2 Qe4+ 51. Kf2 f5 52. b5 f4 53.
Qc5 g5 54. b6 Kh7 55. b7 Qc2+ 56. Kf3 Qd3+ 57. Kf2 Qg3+ 58. Ke2 f3+ 59. Kd1 f2
60. Qe7+ Kg8 61. Qd8+ Kg7 62. Qe7+ Kg6 63. Qe6+ Kg7 64. Qe7+ Kg6 65. Qe6+ {
Game drawn by mutual agreement} 1/2-1/2